[Event "2016 South Wales International"]
[Site "Cardiff"]
[Date "2016.07.09"]
[Round "4"]
[Board "6"]
[White "Bullen, Alex"]
[Black "Wells, Peter K"]
[Result "0-1"]
[WhiteElo "2045"]
[BlackElo "2419"]
[PlyCount "0"]
[EventDate "2016.07.07"]
[EventRounds "10"]
[EventCountry "WLS"]

1. d4 {[%clk 1:30:58]} Nf6 {[%clk 1:23:06]} 2. c4 {[%clk 1:31:16]} e6
{[%clk 1:23:07]} 3. Nf3 {[%clk 1:31:35]} d5 {[%clk 1:22:57]} 4. g3
{[%clk 1:31:57]} Bb4+ {[%clk 1:20:23]} 5. Bd2 {[%clk 1:32:09]} Be7
{[%clk 1:20:43]} 6. Bg2 {[%clk 1:32:31]} c6 {[%clk 1:20:26]} 7. Qc2
{[%clk 1:32:06]} Nbd7 {[%clk 1:20:44]} 8. O-O {[%clk 1:32:24]} O-O
{[%clk 1:21:05]} 9. Bf4 {[%clk 1:32:32]} b6 {[%clk 1:16:09]} 10. Ne5
{[%clk 1:26:51]} Nxe5 {[%clk 1:12:23]} 11. dxe5 {[%clk 1:27:11]} Nd7
{[%clk 1:12:41]} 12. cxd5 {[%clk 1:24:28]} cxd5 {[%clk 1:13:03]} 13. e4
{[%clk 1:23:30]} d4 {[%clk 1:11:05]} 14. Rd1 {[%clk 1:22:38]} g5 {[%clk 1:06:47]}
15. Bd2 {[%clk 1:16:11]} Ba6 {[%clk 1:01:53]} 16. f4 {[%clk 1:06:44]} Rc8
{[%clk 0:57:56]} 17. Qb3 {[%clk 1:06:54]} Be2 {[%clk 0:57:31]} 18. Rc1
{[%clk 1:01:02]} Nc5 {[%clk 0:47:07]} 19. Qa3 {[%clk 0:51:26]} Qd7
{[%clk 0:36:05]} 20. Bb4 {[%clk 0:45:32]} Nd3 {[%clk 0:28:35]} 21. Rxc8
{[%clk 0:40:30]} Rxc8 {[%clk 0:28:51]} 22. Bxe7 {[%clk 0:40:46]} Rc1+
{[%clk 0:29:12]} 23. Bf1 {[%clk 0:41:09]} Rxf1+ {[%clk 0:27:45]} 24. Kg2
{[%clk 0:41:32]} Ne1+ {[%clk 0:28:02]} 25. Kh3 {[%clk 0:41:50]} h5
{[%clk 0:28:09]} 26. Bxg5 {[%clk 0:40:19]} Bg4+ {[%clk 0:28:28]} 27. Kh4
{[%clk 0:40:44]} Ng2# 0-1

[Event "2016 South Wales International"]
[Site "Cardiff"]
[Date "2016.07.09"]
[Round "4"]
[Board "7"]
[White "Webb, Laurence E"]
[Black "Rodriguez, Juan Talavera"]
[Result "1-0"]
[WhiteElo "2286"]
[BlackElo "2020"]
[PlyCount "0"]
[EventDate "2016.07.07"]
[EventRounds "10"]
[EventCountry "WLS"]

1. d4 {[%clk 1:30:56]} Nf6 {[%clk 1:28:24]} 2. c4 {[%clk 1:31:22]} e6
{[%clk 1:28:50]} 3. Nc3 {[%clk 1:31:48]} Bb4 {[%clk 1:29:13]} 4. Bg5
{[%clk 1:31:55]} c5 {[%clk 1:28:04]} 5. d5 {[%clk 1:32:20]} Bxc3+
{[%clk 1:27:31]} 6. bxc3 {[%clk 1:32:47]} d6 {[%clk 1:26:39]} 7. e3
{[%clk 1:31:35]} e5 {[%clk 1:26:24]} 8. Qc2 {[%clk 1:31:41]} h6 {[%clk 1:25:08]}
9. Bh4 {[%clk 1:32:03]} Nbd7 {[%clk 1:24:40]} 10. f3 {[%clk 1:29:33]} Nf8
{[%clk 1:23:50]} 11. Bd3 {[%clk 1:27:25]} Qe7 {[%clk 1:19:15]} 12. Rb1
{[%clk 1:24:41]} g5 {[%clk 1:15:49]} 13. Bg3 {[%clk 1:24:10]} Nh5
{[%clk 1:15:52]} 14. Ne2 {[%clk 1:22:53]} Ng7 {[%clk 1:15:46]} 15. f4
{[%clk 1:12:59]} f6 {[%clk 1:15:20]} 16. O-O {[%clk 1:11:21]} h5 {[%clk 1:14:27]}
17. fxe5 {[%clk 1:04:46]} fxe5 {[%clk 1:14:32]} 18. Bg6+ {[%clk 1:03:36]} Kd8
{[%clk 1:13:47]} 19. Rf7 {[%clk 0:55:52]} Bf5 {[%clk 1:13:32]} 20. e4
{[%clk 0:53:44]} Bxg6 {[%clk 1:13:20]} 21. Rxe7 {[%clk 0:54:03]} Kxe7
{[%clk 1:13:48]} 22. Rxb7+ {[%clk 0:54:19]} Kf6 {[%clk 1:10:06]} 23. Nd4
{[%clk 0:51:40]} cxd4 {[%clk 1:08:51]} 24. Qf2+ {[%clk 0:51:18]} Nf5
{[%clk 1:09:06]} 25. exf5 {[%clk 0:50:08]} Bxf5 {[%clk 1:08:36]} 26. cxd4
{[%clk 0:45:26]} h4 {[%clk 1:07:45]} 27. dxe5+ {[%clk 0:41:54]} dxe5
{[%clk 1:08:05]} 28. Bxe5+ {[%clk 0:38:03]} Kxe5 {[%clk 1:07:44]} 29. Qe3+
{[%clk 0:38:10]} Kf6 {[%clk 1:07:23]} 30. Qe7+ {[%clk 0:37:08]} Kg6
{[%clk 1:07:41]} 31. Qg7+ {[%clk 0:37:31]} Kh5 {[%clk 1:07:59]} 32. Qxh8+
{[%clk 0:37:43]} Kg4 {[%clk 1:08:17]} 33. h3+ {[%clk 0:36:53]} 1-0

[Event "2016 South Wales International"]
[Site "Cardiff"]
[Date "2016.07.09"]
[Round "4"]
[Board "8"]
[White "Lauridsen, Jesper Morch"]
[Black "Higgs, Joshua"]
[Result "1-0"]
[WhiteElo "2259"]
[BlackElo "2003"]
[PlyCount "0"]
[EventDate "2016.07.07"]
[EventRounds "10"]
[EventCountry "WLS"]

1. e4 {[%clk 1:28:21]} d5 {[%clk 1:30:56]} 2. exd5 {[%clk 1:28:42]} Qxd5
{[%clk 1:31:20]} 3. Nc3 {[%clk 1:28:56]} Qd8 {[%clk 1:31:46]} 4. d4
{[%clk 1:28:47]} Nf6 {[%clk 1:32:07]} 5. Nf3 {[%clk 1:28:21]} Bg4
{[%clk 1:32:32]} 6. h3 {[%clk 1:27:53]} Bxf3 {[%clk 1:32:57]} 7. Qxf3
{[%clk 1:28:19]} c6 {[%clk 1:33:22]} 8. Bf4 {[%clk 1:23:24]} Qxd4
{[%clk 1:28:47]} 9. Bd3 {[%clk 1:23:18]} e5 {[%clk 1:22:33]} 10. Bg3
{[%clk 1:14:56]} Bb4 {[%clk 1:13:06]} 11. O-O-O {[%clk 1:13:48]} Bxc3
{[%clk 1:10:06]} 12. bxc3 {[%clk 1:13:58]} Qxc3 {[%clk 1:10:33]} 13. Bxe5
{[%clk 1:13:30]} Qa5 {[%clk 1:04:46]} 14. Bxf6 {[%clk 1:08:35]} gxf6
{[%clk 1:05:07]} 15. Rhe1+ {[%clk 1:08:51]} Kf8 {[%clk 1:03:42]} 16. Qxf6
{[%clk 1:08:55]} Rg8 {[%clk 1:02:02]} 17. Qh6+ {[%clk 1:08:47]} Rg7
{[%clk 1:01:59]} 18. Qd6+ {[%clk 1:09:09]} 1-0

[Event "2016 South Wales International"]
[Site "Cardiff"]
[Date "2016.07.09"]
[Round "4"]
[Board "9"]
[White "Whitehead, Mark A"]
[Black "Wallace, Paul"]
[Result "1/2-1/2"]
[WhiteElo "1969"]
[BlackElo "2243"]
[PlyCount "0"]
[EventDate "2016.07.07"]
[EventRounds "10"]
[EventCountry "WLS"]

1. e4 {[%clk 1:30:55]} e5 {[%clk 1:25:10]} 2. Nf3 {[%clk 1:30:59]} Nc6
{[%clk 1:25:35]} 3. Bb5 {[%clk 1:30:58]} f5 {[%clk 1:25:47]} 4. d3
{[%clk 1:29:19]} fxe4 {[%clk 1:26:11]} 5. dxe4 {[%clk 1:29:42]} Nf6
{[%clk 1:26:37]} 6. O-O {[%clk 1:29:15]} Bc5 {[%clk 1:27:02]} 7. Qd3
{[%clk 1:26:41]} d6 {[%clk 1:27:11]} 8. Qc4 {[%clk 1:25:56]} Bd7 {[%clk 1:25:44]}
9. Nc3 {[%clk 1:16:40]} a6 {[%clk 1:21:58]} 10. Bxc6 {[%clk 1:14:07]} Bxc6
{[%clk 1:22:23]} 11. Nxe5 {[%clk 1:12:56]} Bxf2+ {[%clk 1:22:23]} 12. Rxf2
{[%clk 1:12:11]} dxe5 {[%clk 1:22:46]} 13. Bg5 {[%clk 1:10:59]} Qe7
{[%clk 1:21:31]} 14. Raf1 {[%clk 1:05:51]} Rf8 {[%clk 1:21:50]} 15. Bxf6
{[%clk 0:59:44]} gxf6 {[%clk 1:18:43]} 16. Nd5 {[%clk 0:58:09]} Bxd5
{[%clk 1:18:56]} 17. Qxd5 {[%clk 0:58:19]} c6 {[%clk 1:18:00]} 18. Qd1
{[%clk 0:52:05]} Rd8 {[%clk 1:03:47]} 19. Qg4 {[%clk 0:40:39]} Rd6
{[%clk 0:59:00]} 20. Qc8+ {[%clk 0:39:33]} Rd8 {[%clk 0:59:23]} 21. Qg4
{[%clk 0:39:46]} Rd6 {[%clk 0:56:39]} 22. Qc8+ {[%clk 0:40:07]} Rd8
{[%clk 0:57:02]} 23. Qg4 {[%clk 0:40:26]} 1/2-1/2

[Event "2016 South Wales International"]
[Site "Cardiff"]
[Date "2016.07.09"]
[Round "4"]
[Board "10"]
[White "Byron, Alan M"]
[Black "Waterfield, John W"]
[Result "1/2-1/2"]
[WhiteElo "2136"]
[BlackElo "1980"]
[PlyCount "0"]
[EventDate "2016.07.07"]
[EventRounds "10"]
[EventCountry "WLS"]

1. e4 {[%clk 1:24:12]} c5 {[%clk 1:30:57]} 2. Nc3 {[%clk 1:24:17]} Nc6
{[%clk 1:30:22]} 3. f4 {[%clk 1:24:26]} g6 {[%clk 1:30:07]} 4. Nf3
{[%clk 1:24:43]} Bg7 {[%clk 1:30:19]} 5. Bb5 {[%clk 1:25:00]} Nd4
{[%clk 1:29:42]} 6. O-O {[%clk 1:25:10]} Nxb5 {[%clk 1:25:07]} 7. Nxb5
{[%clk 1:25:37]} d6 {[%clk 1:21:48]} 8. d3 {[%clk 1:21:05]} Bd7 {[%clk 1:11:59]}
9. Nc3 {[%clk 1:18:09]} e6 {[%clk 1:04:04]} 10. Kh1 {[%clk 1:12:37]} Qc7
{[%clk 0:56:03]} 11. Qe1 {[%clk 0:50:48]} Ne7 {[%clk 0:50:52]} 12. Qh4
{[%clk 0:49:02]} Bc6 {[%clk 0:48:28]} 13. Bd2 {[%clk 0:46:00]} O-O-O
{[%clk 0:45:56]} 14. Qf2 {[%clk 0:38:09]} b6 {[%clk 0:42:15]} 15. a4
{[%clk 0:35:47]} d5 {[%clk 0:40:42]} 16. e5 {[%clk 0:33:04]} d4 {[%clk 0:38:57]}
17. Nb5 {[%clk 0:29:18]} Qb7 {[%clk 0:36:08]} 18. Nd6+ {[%clk 0:23:25]} Rxd6
{[%clk 0:36:34]} 19. exd6 {[%clk 0:23:48]} Nf5 {[%clk 0:37:02]} 20. a5
{[%clk 0:16:52]} Bxf3 {[%clk 0:28:29]} 21. Qxf3 {[%clk 0:16:33]} Qxf3
{[%clk 0:28:34]} 22. Rxf3 {[%clk 0:16:59]} Kb7 {[%clk 0:28:05]} 23. b4
{[%clk 0:15:08]} Nxd6 {[%clk 0:19:41]} 24. axb6 {[%clk 0:13:56]} axb6
{[%clk 0:20:08]} 25. bxc5 {[%clk 0:14:19]} bxc5 {[%clk 0:20:34]} 26. Rff1
{[%clk 0:14:42]} Rb8 {[%clk 0:17:10]} 27. g4 {[%clk 0:14:45]} Kc6
{[%clk 0:16:36]} 28. Ra2 {[%clk 0:12:36]} c4 29. f5 {[%clk 0:09:13]} gxf5
{[%clk 0:07:35]} 30. gxf5 Nxf5 {[%clk 0:05:20]} 31. dxc4 {[%clk 0:09:45]} Kc5
{[%clk 0:04:23]} 32. Ra5+ {[%clk 0:05:25]} Kxc4 {[%clk 0:03:37]} 33. Rfa1
{[%clk 0:05:54]} Bf8 {[%clk 0:04:01]} 34. R1a4+ {[%clk 0:06:12]} Bb4
{[%clk 0:04:24]} 35. Ra7 {[%clk 0:06:22]} Kc5 {[%clk 0:03:15]} 36. Bf4
{[%clk 0:04:09]} Nd6 {[%clk 0:02:05]} 37. Bxd6+ {[%clk 0:00:41]} Kxd6
{[%clk 0:02:32]} 38. Rxf7 {[%clk 0:01:06]} h6 {[%clk 0:02:04]} 39. Rf6
{[%clk 0:01:25]} Ke5 {[%clk 0:01:42]} 40. Rxh6 {[%clk 0:01:43]} Bd2
{[%clk 0:01:03]} 41. Rh5+ {[%clk 0:01:39]} Ke4 {[%clk 0:01:25]} 42. Rh4+
{[%clk 0:21:34]} Kf3 {[%clk 0:31:09]} 43. Ra1 {[%clk 0:17:47]} e5
{[%clk 0:30:07]} 44. Rf1+ {[%clk 0:12:36]} Ke2 {[%clk 0:26:18]} 45. Ra1
{[%clk 0:07:32]} Bf4 {[%clk 0:26:02]} 46. Rg4 {[%clk 0:07:45]} Kf3
{[%clk 0:24:31]} 47. h3 {[%clk 0:06:44]} Rh8 {[%clk 0:23:20]} 48. Rf1+
{[%clk 0:06:34]} Ke2 {[%clk 0:23:15]} 49. Kg2 {[%clk 0:06:55]} Be3
{[%clk 0:20:31]} 50. Rf5 {[%clk 0:05:52]} Kd2 51. Rxe5 Kxc2 52. Rge4 Kd2 1/2-1/2

[Event "2016 South Wales International"]
[Site "Cardiff"]
[Date "2016.07.09"]
[Round "4"]
[Board "11"]
[White "Longson, Sarah N"]
[Black "Fathallah, Joe"]
[Result "1/2-1/2"]
[WhiteElo "2117"]
[BlackElo "1960"]
[PlyCount "0"]
[EventDate "2016.07.07"]
[EventRounds "10"]
[EventCountry "WLS"]

1. e4 {[%clk 1:30:59]} e6 {[%clk 1:30:51]} 2. d4 {[%clk 1:31:19]} d5
{[%clk 1:31:14]} 3. Nc3 {[%clk 1:31:37]} Nf6 {[%clk 1:31:36]} 4. e5
{[%clk 1:31:36]} Nfd7 {[%clk 1:31:59]} 5. f4 {[%clk 1:32:02]} c5 {[%clk 1:32:22]}
6. Nf3 {[%clk 1:32:15]} Nc6 {[%clk 1:32:45]} 7. Be3 {[%clk 1:32:09]} Be7
{[%clk 1:33:00]} 8. Qd2 {[%clk 1:31:25]} O-O {[%clk 1:25:17]} 9. O-O-O
{[%clk 1:28:12]} c4 {[%clk 1:25:34]} 10. f5 {[%clk 1:20:43]} b5 {[%clk 1:22:58]}
11. fxe6 {[%clk 1:00:03]} fxe6 {[%clk 1:22:32]} 12. Nxb5 {[%clk 0:55:24]} Rb8
{[%clk 1:18:38]} 13. Nd6 {[%clk 0:53:15]} Nb6 {[%clk 1:11:30]} 14. Bg5
{[%clk 0:46:37]} c3 {[%clk 1:08:43]} 15. bxc3 {[%clk 0:46:47]} Bxd6
{[%clk 1:07:12]} 16. exd6 {[%clk 0:41:10]} Qxd6 {[%clk 1:04:20]} 17. Re1
{[%clk 0:32:58]} Qa3+ {[%clk 1:02:23]} 18. Kd1 {[%clk 0:33:21]} Qxa2
{[%clk 0:52:43]} 19. Bd3 {[%clk 0:29:03]} Nc4 {[%clk 0:51:30]} 20. Bxc4
{[%clk 0:28:11]} Qxc4 {[%clk 0:51:17]} 21. Qd3 {[%clk 0:27:28]} Qxd3+
{[%clk 0:47:25]} 22. cxd3 {[%clk 0:27:53]} Rb2 {[%clk 0:46:52]} 23. Re2
{[%clk 0:26:00]} Rxe2 {[%clk 0:42:32]} 24. Kxe2 {[%clk 0:26:27]} Bd7
{[%clk 0:42:11]} 25. Ra1 {[%clk 0:25:40]} Rb8 {[%clk 0:42:06]} 26. Ne5
{[%clk 0:23:14]} Rb7 {[%clk 0:39:34]} 27. Ra6 {[%clk 0:22:37]} Nxe5
{[%clk 0:38:18]} 28. dxe5 {[%clk 0:22:58]} Bc8 {[%clk 0:37:41]} 29. Ke3
{[%clk 0:15:58]} Kf7 {[%clk 0:36:06]} 30. Ra5 {[%clk 0:15:02]} Rc7
{[%clk 0:34:50]} 31. Kd4 {[%clk 0:15:01]} Ke8 {[%clk 0:34:16]} 32. Bc1
{[%clk 0:14:48]} Kd7 {[%clk 0:32:54]} 33. Ba3 {[%clk 0:14:50]} a6
{[%clk 0:31:34]} 34. Bd6 {[%clk 0:14:42]} Rc6 {[%clk 0:31:01]} 35. Ra2
{[%clk 0:14:24]} Rb6 {[%clk 0:29:51]} 36. Bc5 {[%clk 0:11:39]} Rb7
{[%clk 0:27:27]} 37. h4 {[%clk 0:07:26]} Ke8 {[%clk 0:20:46]} 38. Bd6
{[%clk 0:07:02]} Rf7 {[%clk 0:16:49]} 39. Kc5 {[%clk 0:07:03]} Bb7
{[%clk 0:09:46]} 40. Rb2 {[%clk 0:06:43]} Kd8 {[%clk 0:09:00]} 41. Kb6
{[%clk 0:25:53]} Bc8 {[%clk 0:34:18]} 42. Kc6 {[%clk 0:24:45]} Bd7+
{[%clk 0:33:24]} 43. Kc5 {[%clk 0:24:50]} Bc8 {[%clk 0:33:16]} 44. Rb4
{[%clk 0:20:12]} Bb7 {[%clk 0:32:05]} 45. g4 {[%clk 0:19:14]} Kc8
{[%clk 0:30:30]} 46. Kb6 {[%clk 0:17:31]} Rf3 {[%clk 0:27:10]} 47. Ka7
{[%clk 0:15:53]} Rf7 {[%clk 0:26:09]} 48. c4 {[%clk 0:15:42]} a5 {[%clk 0:25:44]}
49. Rb2 {[%clk 0:14:49]} dxc4 {[%clk 0:25:15]} 50. dxc4 {[%clk 0:11:32]} Bd5+
{[%clk 0:24:26]} 51. Ka6 {[%clk 0:11:32]} Bxc4+ {[%clk 0:24:35]} 52. Kxa5
{[%clk 0:11:25]} Ra7+ {[%clk 0:24:36]} 53. Kb4 {[%clk 0:11:49]} Rb7+
{[%clk 0:24:53]} 54. Kc3 {[%clk 0:12:08]} Rxb2 1/2-1/2

[Event "2016 South Wales International"]
[Site "Cardiff"]
[Date "2016.07.09"]
[Round "4"]
[Board "12"]
[White "L'ami, Alina"]
[Black "James, Dai"]
[Result "1-0"]
[WhiteElo "2339"]
[BlackElo "1926"]
[PlyCount "0"]
[EventDate "2016.07.07"]
[EventRounds "10"]
[EventCountry "WLS"]

1. d4 {[%clk 1:28:32]} f5 {[%clk 1:30:22]} 2. Nc3 {[%clk 1:28:59]} Nf6
{[%clk 1:30:14]} 3. Bg5 {[%clk 1:29:08]} d5 {[%clk 1:29:22]} 4. e3
{[%clk 1:28:38]} e6 {[%clk 1:29:37]} 5. Nf3 {[%clk 1:28:18]} Be7 {[%clk 1:25:53]}
6. Bd3 {[%clk 1:26:58]} O-O {[%clk 1:25:16]} 7. Ne2 {[%clk 1:26:33]} Ne4
{[%clk 1:11:02]} 8. Bxe7 {[%clk 1:26:06]} Qxe7 {[%clk 1:11:25]} 9. O-O
{[%clk 1:25:47]} Nd7 {[%clk 1:07:56]} 10. c4 {[%clk 1:23:55]} g5 {[%clk 1:05:29]}
11. Ne1 {[%clk 1:20:34]} c6 {[%clk 0:57:11]} 12. f3 {[%clk 1:11:19]} Nd6
{[%clk 0:54:30]} 13. c5 {[%clk 1:07:17]} Ne8 {[%clk 0:53:30]} 14. Qc2
{[%clk 1:02:26]} Qf6 {[%clk 0:44:23]} 15. g4 {[%clk 0:59:17]} h5 {[%clk 0:40:09]}
16. Ng2 {[%clk 0:56:36]} Ng7 {[%clk 0:39:08]} 17. h3 {[%clk 0:46:23]} Qh6
{[%clk 0:30:24]} 18. f4 {[%clk 0:41:08]} Nf6 {[%clk 0:27:41]} 19. fxg5
{[%clk 0:27:51]} Qxg5 {[%clk 0:27:55]} 20. gxh5 {[%clk 0:27:53]} Ngxh5
{[%clk 0:22:39]} 21. Kh2 {[%clk 0:19:48]} Kf7 {[%clk 0:19:36]} 22. Rf3
{[%clk 0:16:54]} Ke7 {[%clk 0:18:36]} 23. Rg1 {[%clk 0:15:51]} Qh6
{[%clk 0:18:09]} 24. Nh4 {[%clk 0:13:13]} Rg8 {[%clk 0:14:38]} 25. Rxg8
{[%clk 0:13:23]} Nxg8 {[%clk 0:15:03]} 26. Qd1 {[%clk 0:11:59]} Ngf6
{[%clk 0:14:08]} 27. Qg1 {[%clk 0:11:56]} Bd7 {[%clk 0:14:02]} 28. Qg6
{[%clk 0:10:04]} Rh8 {[%clk 0:13:37]} 29. b4 {[%clk 0:07:48]} Qf8
{[%clk 0:13:38]} 30. Qg1 {[%clk 0:07:39]} Be8 {[%clk 0:12:52]} 31. Kh1
{[%clk 0:06:58]} Rg8 {[%clk 0:12:20]} 32. Qh2 {[%clk 0:07:21]} Qg7
{[%clk 0:08:51]} 33. Bxf5 {[%clk 0:06:46]} Bf7 {[%clk 0:05:35]} 34. Qd6+
{[%clk 0:06:35]} Ke8 {[%clk 0:05:35]} 35. Bxe6 {[%clk 0:06:08]} Bxe6
{[%clk 0:05:47]} 36. Qxe6+ {[%clk 0:06:36]} Kd8 {[%clk 0:05:47]} 37. Qd6+
{[%clk 0:05:24]} Kc8 {[%clk 0:05:57]} 38. Rf2 {[%clk 0:01:42]} Qg5
{[%clk 0:04:41]} 39. Nf5 {[%clk 0:01:14]} Nd7 {[%clk 0:03:58]} 40. Ne7+
{[%clk 0:01:05]} Kd8 1-0

[Event "2016 South Wales International"]
[Site "Cardiff"]
[Date "2016.07.09"]
[Round "4"]
[Board "13"]
[White "Braun, Walter"]
[Black "Harris, Calum"]
[Result "1-0"]
[WhiteElo "2207"]
[BlackElo "1675"]
[PlyCount "0"]
[EventDate "2016.07.07"]
[EventRounds "10"]
[EventCountry "WLS"]

1. c4 {[%clk 1:30:58]} e6 {[%clk 1:30:54]} 2. Nf3 {[%clk 1:31:05]} Nf6
{[%clk 1:31:09]} 3. e3 {[%clk 1:30:53]} d5 {[%clk 1:31:19]} 4. b3
{[%clk 1:31:07]} Nbd7 {[%clk 1:29:30]} 5. Bb2 {[%clk 1:31:18]} Bd6
{[%clk 1:27:16]} 6. Qc2 {[%clk 1:30:14]} O-O {[%clk 1:26:28]} 7. Nc3
{[%clk 1:28:30]} c6 {[%clk 1:26:19]} 8. d4 {[%clk 1:28:32]} e5 {[%clk 1:23:23]}
9. cxd5 {[%clk 1:25:10]} cxd5 {[%clk 1:21:12]} 10. Be2 {[%clk 1:16:21]} e4
{[%clk 1:19:19]} 11. Nd2 {[%clk 1:16:47]} a6 {[%clk 1:11:31]} 12. g4
{[%clk 1:16:57]} Nb6 {[%clk 1:10:39]} 13. g5 {[%clk 1:16:56]} Ng4
{[%clk 1:08:58]} 14. h4 {[%clk 1:10:33]} f5 {[%clk 1:02:30]} 15. a4
{[%clk 1:10:24]} Qc7 {[%clk 0:59:43]} 16. a5 {[%clk 1:09:37]} Nd7
{[%clk 0:55:46]} 17. Rg1 {[%clk 1:05:25]} Bh2 {[%clk 0:46:18]} 18. Rg2
{[%clk 1:04:11]} Nxf2 {[%clk 0:28:44]} 19. Kxf2 {[%clk 1:04:11]} f4
{[%clk 0:25:32]} 20. Nf1 {[%clk 1:04:33]} f3 {[%clk 0:24:13]} 21. Rxh2
{[%clk 1:03:05]} fxe2+ {[%clk 0:23:17]} 22. Kxe2 {[%clk 1:03:26]} Nb8
{[%clk 0:18:53]} 23. Ke1 {[%clk 0:59:48]} Be6 {[%clk 0:17:13]} 24. Nd1
{[%clk 0:44:44]} Nc6 {[%clk 0:16:39]} 25. Ba3 {[%clk 0:42:40]} Rf3
{[%clk 0:11:16]} 26. Rf2 {[%clk 0:40:30]} Rxf2 {[%clk 0:10:54]} 27. Nxf2
{[%clk 0:34:47]} Qxa5+ {[%clk 0:10:42]} 28. Nd2 {[%clk 0:31:26]} Nb4
{[%clk 0:06:36]} 29. Qd1 {[%clk 0:27:33]} Nc6 {[%clk 0:04:15]} 30. Bc5
{[%clk 0:26:01]} Qc7 {[%clk 0:04:08]} 31. Nf1 {[%clk 0:26:21]} b6
{[%clk 0:04:02]} 32. Ba3 {[%clk 0:26:39]} Ne7 {[%clk 0:03:49]} 33. Rc1
{[%clk 0:26:37]} Qd7 {[%clk 0:03:32]} 34. Ng3 {[%clk 0:24:37]} Rf8
{[%clk 0:03:23]} 35. Bxe7 {[%clk 0:24:22]} Qxe7 {[%clk 0:03:50]} 36. Nh5
{[%clk 0:24:40]} Rf3 {[%clk 0:03:53]} 37. Qd2 {[%clk 0:24:27]} h6
{[%clk 0:02:40]} 38. Nf4 {[%clk 0:24:23]} Qd6 {[%clk 0:02:12]} 39. g6
{[%clk 0:23:34]} Kf8 {[%clk 0:01:18]} 40. Qc3 {[%clk 0:18:40]} Bd7
{[%clk 0:00:56]} 41. Rc2 Rg3 {[%clk 0:25:05]} 42. Kd2 {[%clk 0:40:45]} Rg1
{[%clk 0:23:22]} 43. Rc1 {[%clk 0:39:58]} Rg3 {[%clk 0:22:19]} 44. Qc7
{[%clk 0:40:02]} Qb4+ {[%clk 0:21:31]} 45. Rc3 {[%clk 0:39:58]} Qe7
{[%clk 0:21:20]} 46. Nxd5 {[%clk 0:40:08]} Qxh4 {[%clk 0:20:07]} 47. Qd6+
{[%clk 0:40:19]} Ke8 {[%clk 0:19:40]} 48. Rc8+ {[%clk 0:40:57]} Qd8 49. Rxd8+
Kxd8 1-0

[Event "2016 South Wales International"]
[Site "Cardiff"]
[Date "2016.07.09"]
[Round "4"]
[Board "14"]
[White "Sigurdsson, Birkir Karl"]
[Black "Ivekovic, Tihana"]
[Result "1/2-1/2"]
[WhiteElo "1883"]
[BlackElo "2129"]
[PlyCount "0"]
[EventDate "2016.07.07"]
[EventRounds "10"]
[EventCountry "WLS"]

1. d4 {[%clk 1:28:48]} d5 {[%clk 1:30:55]} 2. c4 {[%clk 1:29:09]} e6
{[%clk 1:31:20]} 3. cxd5 {[%clk 1:28:56]} exd5 {[%clk 1:31:45]} 4. Nc3
{[%clk 1:29:18]} Nf6 {[%clk 1:32:10]} 5. Bg5 c6 {[%clk 1:32:29]} 6. e3
{[%clk 1:28:28]} Qb6 {[%clk 1:32:44]} 7. Qc1 {[%clk 1:27:26]} Ne4
{[%clk 1:31:28]} 8. Bf4 {[%clk 1:25:47]} Bb4 {[%clk 1:27:12]} 9. f3
{[%clk 1:23:39]} Nf6 {[%clk 1:19:59]} 10. Bd3 {[%clk 1:23:15]} Be6
{[%clk 1:19:56]} 11. Nge2 {[%clk 1:23:31]} Nbd7 {[%clk 1:16:56]} 12. O-O
{[%clk 1:23:45]} O-O {[%clk 1:14:30]} 13. Kh1 {[%clk 1:20:29]} Rac8
{[%clk 1:10:43]} 14. a3 {[%clk 1:17:07]} Bxc3 {[%clk 1:10:19]} 15. bxc3
{[%clk 1:16:00]} Qa5 {[%clk 1:07:33]} 16. e4 {[%clk 1:14:32]} dxe4
{[%clk 1:06:21]} 17. fxe4 {[%clk 1:14:47]} Bg4 {[%clk 0:40:19]} 18. Rb1
{[%clk 1:09:52]} c5 {[%clk 0:28:36]} 19. Bd6 {[%clk 1:06:02]} Rfe8
{[%clk 0:20:37]} 20. e5 {[%clk 0:55:32]} c4 {[%clk 0:20:29]} 21. Bb4
{[%clk 0:49:34]} Qa6 {[%clk 0:19:07]} 22. exf6 {[%clk 0:47:33]} cxd3
{[%clk 0:18:28]} 23. Qg5 {[%clk 0:47:21]} Nxf6 {[%clk 0:18:50]} 24. Ng3
{[%clk 0:46:19]} h6 {[%clk 0:17:59]} 25. Qd2 {[%clk 0:44:51]} Ne4
{[%clk 0:11:43]} 26. Nxe4 {[%clk 0:43:30]} Rxe4 {[%clk 0:11:30]} 27. h3
{[%clk 0:42:48]} Be2 {[%clk 0:11:17]} 28. Rf4 {[%clk 0:41:25]} Rxf4
{[%clk 0:11:26]} 29. Qxf4 {[%clk 0:41:53]} Qe6 {[%clk 0:11:21]} 30. Qd2
{[%clk 0:41:32]} b6 {[%clk 0:10:37]} 31. a4 {[%clk 0:40:56]} a5 {[%clk 0:08:59]}
32. Ba3 {[%clk 0:41:15]} Rc4 {[%clk 0:08:25]} 33. Bc1 {[%clk 0:36:48]} Rxa4
{[%clk 0:07:43]} 34. Qf4 {[%clk 0:37:00]} Rc4 {[%clk 0:07:02]} 35. Bd2
{[%clk 0:37:15]} Rc8 {[%clk 0:03:14]} 36. Rb5 {[%clk 0:36:22]} Bd1
{[%clk 0:01:09]} 37. d5 {[%clk 0:36:20]} Qd7 {[%clk 0:01:31]} 38. c4
{[%clk 0:36:18]} a4 {[%clk 0:01:28]} 39. Qg3 {[%clk 0:36:19]} Bb3
{[%clk 0:01:14]} 40. Bxh6 {[%clk 0:36:30]} f6 {[%clk 0:01:25]} 41. Rxb6
{[%clk 0:35:46]} Kh7 {[%clk 0:26:05]} 42. Bd2 {[%clk 1:00:00]} Bxc4
{[%clk 0:14:40]} 43. Rb4 {[%clk 0:58:43]} Qxd5 {[%clk 0:10:16]} 44. Rxa4
{[%clk 0:58:09]} Qd4 {[%clk 0:10:06]} 45. Be3 {[%clk 0:57:14]} d2
{[%clk 0:04:57]} 46. Bxd2 {[%clk 0:57:18]} Qxd2 {[%clk 0:05:24]} 47. Qh4+
{[%clk 0:57:46]} Qh6 {[%clk 0:05:27]} 48. Rxc4 {[%clk 0:58:11]} 1/2-1/2